Kecemerlangan pengurusan kewangan dari perspektif Jabatan Audit Negara

Bibliographic Details
Corporate Authors: Malaysia.Jabatan Audit Negara, Jabatan Audit Negara
Format: Book
Language:Malay
Published: Putrajaya : Jabatan Audit Negara , 2008
Subjects:

MARC

LEADER 00000cam a2200000 7i4500
001 0000023486
005 20111005.0
008 110930s my a may
020 |a 9789839244014 
040 |a INS 
090 0 0 |a HJ7898.6   |b M35 2008 
110 1 |a Malaysia.Jabatan Audit Negara 
245 1 0 |a Kecemerlangan pengurusan kewangan dari perspektif Jabatan Audit Negara 
260 |a Putrajaya :   |b Jabatan Audit Negara ,   |c 2008 
300 |a xiv, 267ms. :   |b il. ;   |c 26cm. 
650 0 |a Expenditures, Public   |z Malaysia 
650 0 |a Finance, Public   |z Malaysia 
650 0 |a Finance   |x Management 
710 1 |a Jabatan Audit Negara 
999 |a 1000000137   |b BOOK   |c Open Shelf   |e Default branch 
999 |a 1000000138   |b BOOK   |c Open Shelf   |e Default branch